Los Angeles Lakers 2025-2026 Roster - Statistics

General Stats
  • This quiz has been taken 98 times
    66 since last reset
  • The average score is 13 of 17
Answer Stats
Jersey # Pos Answer % Correct
23 F LeBron James
98%
77 F-G Luka Doncic
96%
15 G Austin Reaves
95%
9 G Bronny James
93%
5 C Deandre Ayton
91%
28 F Rui Hachimura
89%
11 C-F Jaxson Hayes
85%
36 G Marcus Smart
85%
12 F Jake LaRavia
78%
10 G-F Luke Kennard
73%
4 F Dalton Knecht
71%
2 F Jarred Vanderbilt
69%
14 F Maxi Kleber
69%
20 G Nick Smith Jr
64%
26 F Drew Timme
62%
1 G Adou Thiero
58%
30 G Chris Mañon
38%
No matching quizzes found
Score Distribution
Percent of People with Each Score
Percentile by Number Answered
Your Score History
You have not taken this quiz since the last reset